[Event "FIDE WCh knock-out"]
[Site "Groningen NED"]
[Date "1997.12.09"]
[Round "1.1"]
[White "Alterman, Boris"]
[Black "Wells, Peter"]
[Result "1-0"]
[WhiteElo "2615"]
[BlackElo "2530"]
[EventDate "1997.12.09"]
[PlyCount "91"]

1.d4 Nf6 2.c4 e6 3.Nc3 Bb4 4.e3 O-O 5.Bd3 d5 6.Ne2 dxc4 7.Bxc4 e5 8.O-O 
exd4 9.exd4 Nc6 10.h3 Bf5 11.a3 Bd6 12.Bg5 h6 13.Bh4 Be7 14.Re1 Ne4 15.
Bxe7 Nxe7 16.Nf4 Nf6 17.Nh5 Nxh5 18.Qxh5 Bg6 19.Qg4 Kh8 20.Rad1 c6 21.h4 
Ng8 22.d5 Nf6 23.Qf4 Bh5 24.dxc6 Bxd1 25.cxb7 Rb8 26.Rxd1 Qe7 27.Ba6 Qe6 
28.Rd6 Qe1+ 29.Kh2 Qe7 30.Nd5 Nxd5 31.Rxd5 Qe6 32.Rd6 Qe7 33.b4 Kg8 34.Rc6
Rxb7 35.Bxb7 Qxb7 36.Rc5 Rc8 37.Rxc8+ Qxc8 38.a4 Qa6 39.b5 Qb6 40.Qe3 Qc7+
41.g3 h5 42.Qe8+ Kh7 43.Qe4+ g6 44.Qf4 Qb7 45.a5 Kg8 46.Qb4 1-0

[Event "FIDE WCh knock-out"]
[Site "Groningen NED"]
[Date "1997.12.12"]
[Round "2.2"]
[White "Lautier, Joel"]
[Black "Hracek, Zbynek"]
[Result "1/2-1/2"]
[WhiteElo "2660"]
[BlackElo "2605"]
[EventDate "1997.12.09"]
[PlyCount "49"]

1.d4 Nf6 2.c4 e6 3.Nc3 Bb4 4.e3 b6 5.Ne2 Ba6 6.Ng3 O-O 7.Bd3 c5 8.O-O cxd4
9.exd4 d5 10.cxd5 Bxd3 11.Qxd3 Nxd5 12.Nh5 Nc6 13.Qg3 g6 14.Nxd5 exd5 15.
Rd1 Be7 16.Bh6 Re8 17.Rac1 Rc8 18.Re1 Qd7 19.Rcd1 f6 20.Nf4 Kf7 21.Qf3 
Rcd8 22.Ne6 Rc8 23.Nf4 Rcd8 24.Ne6 Rc8 25.Nf4 1/2-1/2

[Event "FIDE WCh knock-out"]
[Site "Groningen NED"]
[Date "1997.12.11"]
[Round "2.1"]
[White "Alexandrov, Alexei"]
[Black "Hjartarson, Johann"]
[Result "1/2-1/2"]
[WhiteElo "2660"]
[BlackElo "2605"]
[EventDate "1997.12.09"]
[PlyCount "122"]

1.d4 Nf6 2.c4 e6 3.Nc3 Bb4 4.e3 c5 5.Ne2 cxd4 6.exd4 O-O 7.a3 Be7 8.d5 
exd5 9.cxd5 Re8 10.d6 Bf8 11.g3 b6 12.Bg2 Nc6 13.b4 Bb7 14.O-O Rb8 15.Nb5 
a5 16.Nc7 Re5 17.b5 Na7 18.Bxb7 Rxb7 19.Bf4 Bxd6 20.Qxd6 Rxe2 21.Rac1 Qe7 
22.Qxe7 Rxe7 23.Rfe1 Rxe1+ 24.Rxe1 a4 25.g4 h6 26.f3 Nc8 27.h4 Kh7 28.Bh2 
Ra7 29.Kf2 d6 30.Na6 Rd7 31.Rc1 Na7 32.Nc7 h5 33.g5 Ng8 34.Ke2 Ne7 35.Bg1 
Nac8 36.Kd3 d5 37.Na8 Rb7 38.Bh2 Ra7 39.Nc7 Nf5 40.Rc6 Nfe7 41.Rc1 Nf5 42.
Rc6 Nxh4 43.Nxd5 Ne7 44.Nxe7 Rxe7 45.Bd6 Re6 46.Bc7 Re7 47.Bxb6 Nxf3 48.
Rc7 Re1 49.Bf2 Rb1 50.b6 h4 51.Rxf7 Ne5+ 52.Kc2 Rxb6 53.Rf4 Rc6+ 54.Kd1 
Rc4 55.Rxh4+ Rxh4 56.Bxh4 Nc4 57.Kc2 Nxa3+ 58.Kc3 Nb5+ 59.Kb4 a3 60.Bg3 a2
61.Be5 Nd6 1/2-1/2

[Event "FIDE WCh knock-out"]
[Site "Groningen NED"]
[Date "1997.12.12"]
[Round "2.2"]
[White "Khalifman, Alexander"]
[Black "Nijboer, Friso"]
[Result "1-0"]
[WhiteElo "2655"]
[BlackElo "2605"]
[EventDate "1997.12.09"]
[PlyCount "81"]

1.d4 Nf6 2.Nf3 g6 3.g3 Bg7 4.Bg2 O-O 5.O-O d6 6.c4 Nc6 7.Nc3 Rb8 8.Bd2 Bg4
9.d5 Bxf3 10.exf3 Ne5 11.b3 Re8 12.f4 Ned7 13.Re1 Nf8 14.Rc1 a6 15.Be3 
N6d7 16.b4 e5 17.dxe6 fxe6 18.Ba7 Ra8 19.Be3 Qb8 20.Ne4 Nf6 21.Nxf6+ Bxf6 
22.Bd4 Bxd4 23.Qxd4 Qa7 24.Qf6 Nd7 25.Qb2 a5 26.c5 axb4 27.cxd6 c5 28.Rxe6
Rxe6 29.Bd5 Re8 30.Qb3 Kf7 31.Re1 Qa3 32.Rxe6 Qxb3 33.Re7+ Kf8 34.Rf7+ Kg8
35.Bxb3 b5 36.Rxd7+ c4 37.Re7 Kf8 38.Rxe8+ Kxe8 39.Bc2 Kd7 40.f3 Kxd6 41.
Kf2 1-0

[Event "FIDE WCh knock-out"]
[Site "Groningen NED"]
[Date "1997.12.11"]
[Round "2.1"]
[White "Sokolov, Ivan"]
[Black "Epishin, Vladimir"]
[Result "1-0"]
[WhiteElo "2635"]
[BlackElo "2570"]
[EventDate "1997.12.09"]
[PlyCount "73"]

1.d4 Nf6 2.c4 e6 3.Nc3 Bb4 4.e3 c5 5.Ne2 cxd4 6.exd4 O-O 7.a3 Be7 8.Nf4 d5
9.cxd5 Nxd5 10.Ncxd5 exd5 11.Bd3 Bg5 12.O-O Nc6 13.Re1 Qd6 14.Ne6 Bxe6 15.
Bxg5 Qd7 16.Rc1 Rfe8 17.Bb5 Bf5 18.Rxe8+ Rxe8 19.b4 Rc8 20.Be3 a6 21.Ba4 
Qd8 22.Bb3 Na7 23.Rc5 Be6 24.Qh5 Rxc5 25.dxc5 Nc6 26.Bc2 h6 27.Bxh6 gxh6 
28.Qxh6 Qd7 29.Bh7+ Kh8 30.f4 d4 31.f5 d3 32.fxe6 Qd4+ 33.Kf1 Qa1+ 34.Kf2 
Ne5 35.Bxd3+ Kg8 36.Bh7+ Kh8 37.Bg6+ 1-0